00386nam a2200097Ia 4500008004100000100001900041245008400060245002000144260000900164856011500173160531s9999 xx 000 0 und d aSuzuki, Kenji. aArtificial Neural Networks: Methodological Advances and Biomedical Applications cby Kenji Suzuki c2011 uhttp://www.intechopen.com/books/artificial-neural-networks-methodological-advances-and-biomedical-applications